Quizzes
Events
Quiz Creation
Community
Videos
Private Events
Remove Ads
Sign In
Join for FREE
Feedback
Dark Mode
Quiz Categories
Sports
Geography
Music
Movies
Television
Just For Fun
Miscellaneous
History
Literature
Language
Science
Gaming
Entertainment
Religion
Holiday
For Kids
Quiz Lab
Recent
Popular Today
Quiz Kudos Today
Editor Picks
Curator Picks
Quizzes by...
Day
Popularity
Type
Ratings
Length
Year
Community
Subscriptions
Recent Discussions
Orange Saloon
Badges
Playlists
Quests
Create
Leaderboards
Showdown
Live 5
Trivia Bingo
Activity
Puzzle Library
Sporcle Events
Private Events
Virtual Trivia
Globe League
Become a Host
Pub Owners
SporcleCon
Opinionation
Our Games
Videos
Blog
Mobile Apps
Partnerships
Remove Ads and Go Orange
Feedback
Sports
Athletes
MLB
NBA
NHL
NFL
Soccer
Sports Teams
WWE
NCAA
Football
Premier League
Basketball
Baseball
Hockey
Golf
Tennis
Cricket
Rugby
Auto Racing
Olympics
World Cup
Sports
Athletes
MLB
NBA
NHL
NFL
Soccer
Sports Teams
WWE
NCAA
Football
Premier League
Basketball
Baseball
Hockey
Golf
Tennis
Cricket
Rugby
Auto Racing
Olympics
World Cup
Random Quiz
Search Sporcle
×
Quiz Lab
Quiz Lab
Sports
F1 Champions
Type in answers that appear in a list
Type in answers that appear in a list
Classic
Best Score? Go Orange.
F1 World Champions Stats
Can you name the F1 World Champions in order since 1950?
By
F1Fanatic
10m
47 Questions
392 Plays
392 Plays
392 Plays
Comments
Comments
Give Quiz Kudos
Give Quiz Kudos
-
- Ratings
hide this ad
More Info
Replay
Link that replays current quiz
Next Quiz
Link to next quiz in quiz playlist
You Got
0%
They Got
Avg Score
84%
Avg Friend Score
Upgrade to see
Score Distribution
Jump to the score distribution portion of the page
Score
0/47
Timer
10:00
0
Plays Today
Year/s
Drivers
% Correct
1994-
95
Michael Schumacher
93.4%
2000-
04
Michael Schumacher
93.4%
2008
Lewis Hamilton
92.8%
2010-
13
Sebastian Vettel
92.8%
1961
Phil Hill
92.6%
1962
Graham Hill
92.6%
1968
Graham Hill
92.6%
1996
Damon Hill
92.6%
1988
Ayrton Senna
91.6%
1990-
91
Ayrton Senna
91.6%
1951
Juan Manuel Fangio
91.3%
1954-
57
Juan Manuel Fangio
91.3%
2005-
06
Fernando Alonso
91.3%
2009
Jenson Button
91%
1985-
86
Alain Prost
89.5%
1989
Alain Prost
89.5%
1993
Alain Prost
89.5%
1975
Niki Lauda
89%
1977
Niki Lauda
89%
1984
Niki Lauda
89%
2007
Kimi Raikkonen
88.7%
1998-
99
Mika Hakkinen
87%
1992
Nigel Mansell
86.2%
1952-
53
Alberto Ascari
84.1%
Year/s
Drivers
% Correct
1969
Jackie Stewart
83.9%
1971
Jackie Stewart
83.9%
1973
Jackie Stewart
83.9%
1976
James Hunt
82.9%
1997
Jaques Villeneuve
82.9%
1981
Nelson Piquet
81.1%
1983
Nelson Piquet
81.1%
1987
Nelson Piquet
81.1%
1950
Giusppe Farina
80.6%
1972
Emerson Fittipaldi
79.3%
1974
Emerson Fittipaldi
79.3%
1959-
60
Jack Brabham
79%
1966
Jack Brabham
79%
1982
Keke Rosberg
78.8%
1963
Jim Clark
78.3%
1965
Jim Clark
78.3%
1978
Mario Andretti
73.9%
1980
Alan Jones
71.9%
1958
Mike Hawthorn
71.6%
1964
John Surtees
70.8%
1970
Jochen Rindt
70.1%
1979
Jody Scheckter
68.3%
1967
Denny Hulme
64.7%
Quiz Playlist
Details
Report
Send in Message
Add To Playlist
More Info:
Can you guess all 47 World Champions?
Classic:
Type in answers that appear in a list
Last Updated: Feb 16, 2017
Quiz Scoreboard
CHALLENGE
Sign Up to Join the Scoreboard
Show All
Scores
Hide
Comments
May contain spoilers
Recently Published
An Introduction to Baseball
by treessimontrees
Sports
5m
Movies - When Are They Set?
by FPL_Elf
Movies
5m
Popular People in 1961
by mucciniale
History
6m
More to Explore
Quiz From the Vault
Featured Blog Post
Where Did the Easter Bunny Come From?
hide this ad
You Might Also Like...
Tags
F1 Champions
Formula One
Today's Top Quizzes in Sports
Browse Sports
hide this ad
Today's Top Quizzes in F1 Champions
Browse F1 Champions
Top Contributed Quizzes in Sports
1
Les meilleurs buteurs des matchs entre le PSG et l’OM
2
2022 World Cup Stars
3
FIFA Club World Cup Champions
4
Les entraîneurs de l'OM et du PSG au 21e siècle
5
Name the Premier League winners with different clubs
6
La finale Lions - Afrique du Sud 2021
7
England Test cricketers to play under Nasser Hussain
8
5-to-1: UK Sports Teams
9
Les joueurs passés par le LOSC et le RC Lens
10
Criteria MLB: Left Handed Sluggers
Explore More
Trending Topics
Marvel
NBA
Crossword
Kpop
Harry Potter
Anime
Disney
Country
WWE
The Office
Puzzle
Pokémon
Song
NFL
Soccer
hide this ad
More By:
F1Fanatic
Quiz
Plays
Rating
Category
Featured
Created
F1 World Champions
392
4.50
Sports
Oct 4, 2014
2014 Formula 1 Circuits
196
4.50
Sports
Sep 27, 2014
F1 GP Sponsors
121
Just For Fun
Oct 4, 2014
F1 Teams from Drivers
61
Just For Fun
Oct 4, 2014
Go to Creator's Profile
Score Distribution
Quiz Creator Spotlight
F1Fanatic
Follow
Send a Message
Quizzes Created
-
Created Quiz Play Count
-
More By This Creator
Popular Quizzes Today
1
Find the Countries of Europe - No Outlines Minefield
2
Find the US States - No Outlines Minefield
3
The Countries of the World
4
Popular People in 1961
5
Find the US States
6
US States
7
1-10 Letter E Words III
8
Risky Map Clicking: Biggest States A-Z
More Sports Quizzes
ESPN 8 : Quick Pick 3
Quiz Lab
Trending Quizzes
Risky Map Clicking: Least Populous States A-Z
1-10 Letter F Words
1-10 Letter G Words
Not Quite an Element Typing Challenge
One Thing in Common: United Kingdom
Recently Updated
Leaping Animals
pecheneg
Reality TV Shows (A-Z)
bhenderson79
Rickey Henderson's Hall of Fame Teammates
pecheneg
Champions League XIs: Arsenal
pecheneg
Quick Pick: Celebrities in WWE's Hall of Fame
aduchscher
A-Z Keypad Blitz II
pecheneg
Multiple Oscar Actors
pecheneg
Mystery Phrase Blitz: Oscar 'Best Actors'
pecheneg
F. Scott Fitzgerald Novels
LTH
Pick 3 Villains
ddd62291
Trending Topics
Kpop
Disney
Crossword
NBA
Harry Potter
Anime
Marvel
Song
Soccer
Pokémon
Country
NFL
The Office
WWE
Puzzle
Your Account Isn't Verified!
In order to create a playlist on Sporcle, you need to verify the email address you used during registration. Go to your
Sporcle Settings
to finish the process.
Report this User
Report this user for behavior that violates our
Community Guidelines
.
Details:
Send Report
Go to the Sporcle.com Mobile Site →
Comments